000 00533nam a22001937a 4500
003 KOHA_MİRAKIL
005 20251224160911.0
008 251224b tu ||||| |||| 00| 0 tur d
020 _a9786050974652
040 _aTR-AnABB
_btur
_cTR-AnABB
041 _atur
082 _a813.42
_bBEZ 2020
100 1 _aBezmen, Nermin,
245 1 0 _aUnutkan aşk /
_cNermin Bezmen
260 _aİstanbul :
_bDoğan Egmont Yayıncılık,
_c2020
300 _a440 sayfa ;
_c20 cm
650 0 4 _aTürk edebiyatı, roman
942 _2ddc
_cBK
999 _c9959
_d9959
900 _bGizem YORULMAZ